header

Thomas F. Torrance (Record no. 68679)

MARC details
000 -LEADER
fixed length control field 01418nam a2200337Ia 4500
100 1# - MAIN ENTRY--AUTHOR NAME
Personal name Molnar, Paul D.,
245 10 - TITLE STATEMENT
Title Thomas F. Torrance
260 ## - PUBLICATION, DISTRIBUTION, ETC. (IMPRINT)
Place of publication Farnham, Surrey, England ;
-- Burlington, VT :
Name of publisher Ashgate Pub. Ltd.,
Year of publication 2009.
300 ## - PHYSICAL DESCRIPTION
Number of Pages viii, 373 p.
490 1# - SERIES STATEMENT
Series statement Great theologians series
650 #0 - SUBJECT ADDED ENTRY--TOPICAL TERM
Topical Term Theology, Doctrinal
Topical Term Trinity
856 40 - ELECTRONIC LOCATION AND ACCESS
Uniform Resource Identifier http://site.ebrary.com/lib/rucke/Doc?id=10331416

No items available.

© 2026 Rongo University
Contact us: librarian | system librarian | Rongo university